[Event "Stare Mesto op"]
[Site "Stare Mesto"]
[Date "2022.08.12"]
[Round "1"]
[White "Muller, David"]
[Black "Travnicek, Krystof Mikulas"]
[Result "1/2-1/2"]
[WhiteElo "1874"]
[BlackElo "2164"]
[PlyCount "154"]
[EventDate "2022.08.12"]
[EventType "swiss"]
[EventRounds "9"]
[EventCountry "CZE"]
[SourceTitle "CBM 209 Extra"]
[Source "ChessBase"]
[SourceDate "2022.09.30"]
[SourceVersion "1"]
[SourceVersionDate "2022.09.30"]
[SourceQuality "1"]

1. e4 e6 2. d4 d5 3. Nc3 Nf6 4. Bg5 dxe4 5. Nxe4 Nbd7 6. Bd3 h6 7. Bh4 c5 8. dxc5 Qa5+ 9. Qd2 Qxd2+ 10. Nxd2 Bxc5 11. Ngf3 Nd5 12. Bg3 Nb4 13. 0-0 Nxd3 14. cxd3 b6 15. Ne4 Ba6 16. Rfd1 0-0 17. Nxc5 Nxc5 18. d4 Na4 19. Rd2 Rac8 20. Bd6 Rfd8 21. Ba3 Rc7 22. Rad1 Bb7 23. Ne5 f6 24. Ng4 Bd5 25. b3 Nc3 26. Rc1 Rdc8 27. Kf1 Ne4 28. Rdd1 Rxc1 29. Rxc1 Rxc1+ 30. Bxc1 Nc3 31. Bd2 Nb5 32. Ne3 Nxd4 33. Nxd5 exd5 34. f3 Kf7 35. Be3 Nc6 36. a4 Ke6 37. Ke2 Ke5 38. Kd3 Nb4+ 39. Kc3 Nc6 40. Kd3 d4 41. Bf2 Kd5 42. Be1 Na5 43. Kc2 Nb7 44. Bg3 Nc5 45. Bb8 a5 46. Bc7 Kc6 47. Bd8 f5 48. g4 fxg4 49. fxg4 g6 50. h4 h5 51. gxh5 gxh5 52. Bg5 d3+ 53. Kb2 Kd5 54. Bd8 Nd7 55. Kc3 Ke4 56. Kd2 Kd4 57. Bc7 Ke4 58. Bd8 Nc5 59. Bxb6 Nxb3+ 60. Kc3 d2 61. Kc2 Kf3 62. Kd1 Kg4 63. Bd8 Kg3 64. Kc2 Kf3 65. Kd1 Ke3 66. Bc7 Kd3 67. Bd8 Kc3 68. Be7 Kd3 69. Bd8 Kc4 70. Be7 Nc5 71. Kxd2 Nxa4 72. Bd8 Kd4 73. Bxa5 Ke4 74. Bd8 Kf3 75. Ke1 Nc3 76. Kf1 Ne2 77. Be7 Nf4 1/2-1/2

[Event "Piestany Slovakia op-A"]
[Site "Piestany"]
[Date "2022.07.15"]
[Round "6"]
[White "Travnicek, Krystof Mikulas"]
[Black "Mizicka, Matus"]
[Result "1-0"]
[WhiteElo "2138"]
[BlackElo "1915"]
[PlyCount "109"]
[EventDate "2022.07.11"]
[EventType "swiss"]
[EventRounds "9"]
[EventCountry "SVK"]
[SourceTitle "CBM 209 Extra"]
[Source "ChessBase"]
[SourceDate "2022.09.30"]
[SourceVersion "1"]
[SourceVersionDate "2022.09.30"]
[SourceQuality "1"]

1. e4 d5 2. exd5 Nf6 3. Bb5+ Bd7 4. Bc4 b5 5. Bb3 Bg4 6. f3 Bf5 7. Ne2 Nxd5 8. Nd4 e6 9. Nxf5 exf5 10. Qe2+ Be7 11. Bxd5 Qxd5 12. Nc3 Qd7 13. Qxb5 c6 14. Qc4 0-0 15. 0-0 Bd6 16. d3 Qc7 17. Qh4 Nd7 18. Be3 Rab8 19. Rab1 Rb4 20. Qh3 Re8 21. Bf2 Re6 22. g3 Rh6 23. Qxf5 g6 24. Qg5 Rh5 25. Qe3 Ne5 26. Ne4 Be7 27. c3 Rxe4 28. Qxe4 Qd7 29. Bd4 Qh3 30. Rf2 Bd6 31. Bxe5 Rxe5 32. Qxc6 Re6 33. f4 Kg7 34. Qg2 Qf5 35. Rd1 Re3 36. d4 h5 37. Re2 Qg4 38. Rxe3 Qxd1+ 39. Qf1 Qg4 40. Qf3 Qf5 41. Qe4 Qb5 42. Qc2 h4 43. c4 Qh5 44. Qe2 Qf5 45. c5 Bb8 46. Qd3 Qg4 47. d5 hxg3 48. hxg3 g5 49. d6 gxf4 50. Qd4+ Kg6 51. Qxf4 Qd1+ 52. Qf1 Qg4 53. Qd3+ Kh6 54. Re4 Qg5 55. Qe3 1-0

[Event "Piestany Slovakia op-A"]
[Site "Piestany"]
[Date "2022.07.14"]
[Round "5"]
[White "Aradhya, Garg"]
[Black "Travnicek, Krystof Mikulas"]
[Result "1/2-1/2"]
[WhiteElo "2229"]
[BlackElo "2138"]
[PlyCount "67"]
[EventDate "2022.07.11"]
[EventType "swiss"]
[EventRounds "9"]
[EventCountry "SVK"]
[SourceTitle "CBM 209 Extra"]
[Source "ChessBase"]
[SourceDate "2022.09.30"]
[SourceVersion "1"]
[SourceVersionDate "2022.09.30"]
[SourceQuality "1"]

1. Nf3 c5 2. e4 Nc6 3. Bb5 g6 4. 0-0 Bg7 5. Re1 Nf6 6. e5 Nd5 7. Nc3 Nc7 8. Bxc6 dxc6 9. Ne4 Ne6 10. d3 h6 11. a3 a5 12. Be3 b6 13. Qd2 Nd4 14. Bxd4 cxd4 15. Nf6+ Kf8 16. Ne4 Bg4 17. Qf4 Bxf3 18. e6 f5 19. Qxf3 Kg8 20. Ng3 Qd5 21. Qf4 Kh7 22. h4 h5 23. Nf1 Rhd8 24. Qc7 Qd6 25. Qxd6 Rxd6 26. Nd2 Rd5 27. Nc4 Ra6 28. f4 b5 29. Nd2 a4 30. Re2 Kg8 31. Kf2 Kf8 32. Nf3 c5 33. Rae1 Bf6 34. g3 1/2-1/2

[Event "Piestany Slovakia op-A"]
[Site "Piestany"]
[Date "2022.07.13"]
[Round "3"]
[White "Svana, Peter"]
[Black "Travnicek, Krystof Mikulas"]
[Result "1/2-1/2"]
[WhiteElo "2280"]
[BlackElo "2138"]
[PlyCount "77"]
[EventDate "2022.07.11"]
[EventType "swiss"]
[EventRounds "9"]
[EventCountry "SVK"]
[SourceTitle "CBM 209 Extra"]
[Source "ChessBase"]
[SourceDate "2022.09.30"]
[SourceVersion "1"]
[SourceVersionDate "2022.09.30"]
[SourceQuality "1"]

1. Nf3 c5 2. c4 g6 3. Nc3 Bg7 4. g3 Nc6 5. Bg2 d6 6. 0-0 e5 7. d3 Nge7 8. a3 a5 9. Rb1 0-0 10. Ne1 Be6 11. Nd5 Rb8 12. Bd2 b5 13. Nc2 f5 14. b4 axb4 15. axb4 bxc4 16. dxc4 e4 17. Bf4 Bxd5 18. cxd5 Nxb4 19. Nxb4 Rxb4 20. Rxb4 cxb4 21. Qb3 Qb6 22. Rb1 Rc8 23. g4 Bc3 24. gxf5 gxf5 25. Bh3 Qc7 26. Kh1 Ng6 27. Rg1 Kh8 28. Bh6 Qf7 29. f3 exf3 30. exf3 Re8 31. Qa4 Bg7 32. Bxg7+ Kxg7 33. Bxf5 Qxf5 34. Qxe8 Qxf3+ 35. Rg2 Qd1+ 36. Rg1 Qxd5+ 37. Rg2 Qd1+ 38. Rg1 Qf3+ 39. Rg2 1/2-1/2

[Event "Piestany Slovakia op-A"]
[Site "Piestany"]
[Date "2022.07.12"]
[Round "2"]
[White "Travnicek, Krystof Mikulas"]
[Black "Krasenkow, Michal"]
[Result "1/2-1/2"]
[WhiteElo "2138"]
[BlackElo "2569"]
[PlyCount "111"]
[EventDate "2022.07.11"]
[EventType "swiss"]
[EventRounds "9"]
[EventCountry "SVK"]
[SourceTitle "CBM 209 Extra"]
[Source "ChessBase"]
[SourceDate "2022.09.30"]
[SourceVersion "1"]
[SourceVersionDate "2022.09.30"]
[SourceQuality "1"]

1. e4 d6 2. d4 Nf6 3. Nc3 c6 4. f4 Qa5 5. e5 Ne4 6. Qf3 Nxc3 7. Bd2 Bf5 8. Bd3 Bxd3 9. cxd3 Qd5 10. bxc3 Qxf3 11. Nxf3 e6 12. Ke2 Na6 13. Rab1 0-0-0 14. Ng5 Rd7 15. g4 h6 16. Ne4 c5 17. Be3 cxd4 18. Bxd4 d5 19. Nd2 Kb8 20. f5 Bc5 21. fxe6 fxe6 22. Nb3 Rc8 23. Kd2 Rdc7 24. Bxc5 Nxc5 25. Nd4 Na4 26. Nxe6 Rxc3 27. Rhc1 g5 28. Nd4 Ra3 29. Nc6+ Ka8 30. Nb4 Re8 31. Rb3 Rxb3 32. axb3 Nb6 33. d4 Rf8 34. Nd3 Kb8 35. Ke2 Rf7 36. h4 gxh4 37. Rh1 Nc8 38. Rxh4 Rg7 39. Nf4 Ne7 40. Kf3 Nc6 41. Nxd5 Nxd4+ 42. Ke4 Nxb3 43. Rxh6 Rxg4+ 44. Kf5 Rg8 45. e6 Nd4+ 46. Kf6 Nxe6 47. Kxe6 a5 48. Kd6 Rc8 49. Rh3 Rc6+ 50. Ke5 Ka7 51. Ra3 b6 52. Kd4 Rh6 53. Rb3 Kb7 54. Rxb6+ Rxb6 55. Nxb6 Kxb6 56. Kc4 1/2-1/2

[Event "Piestany Slovakia op-A"]
[Site "Piestany"]
[Date "2022.07.11"]
[Round "1"]
[White "Lewtak, Damian"]
[Black "Travnicek, Krystof Mikulas"]
[Result "1/2-1/2"]
[WhiteElo "2397"]
[BlackElo "2138"]
[PlyCount "124"]
[EventDate "2022.07.11"]
[EventType "swiss"]
[EventRounds "9"]
[EventCountry "SVK"]
[SourceTitle "CBM 209 Extra"]
[Source "ChessBase"]
[SourceDate "2022.09.30"]
[SourceVersion "1"]
[SourceVersionDate "2022.09.30"]
[SourceQuality "1"]

1. d4 d5 2. c3 Nf6 3. Bf4 e6 4. e3 Bd6 5. Nd2 c5 6. Bg3 Qc7 7. Ngf3 Nbd7 8. Be2 0-0 9. 0-0 Bxg3 10. hxg3 e5 11. dxe5 Nxe5 12. c4 Rd8 13. cxd5 Rxd5 14. Nxe5 Qxe5 15. Bf3 Rd8 16. Nc4 Qc7 17. Qc2 Be6 18. Rfd1 Rab8 19. Rac1 b6 20. Nd2 Rbc8 21. Be2 Qe7 22. a3 Bg4 23. Nf3 Rxd1+ 24. Rxd1 Rd8 25. Rxd8+ Qxd8 26. Qa4 Qc7 27. Bc4 h6 28. Kf1 Bd7 29. Qb3 Be8 30. Ke2 Kf8 31. Qc3 Bc6 32. Qd3 Be4 33. Qc3 Bd5 34. Bxd5 Nxd5 35. Qc4 Qd6 36. g4 Nf6 37. g5 hxg5 38. Nxg5 Qd5 39. Qxd5 Nxd5 40. Kd3 Ke7 41. Kc4 Nc7 42. a4 f5 43. f4 Kd6 44. Nf7+ Ke6 45. Ng5+ Kd6 46. Kd3 Nd5 47. g3 a6 48. e4 fxe4+ 49. Nxe4+ Kc6 50. f5 Ne7 51. g4 Kd5 52. Ke3 Ke5 53. b3 Nc6 54. Ng3 g6 55. fxg6 Kf6 56. Ne4+ Kxg6 57. Kd2 Na5 58. Kc3 b5 59. Nxc5 Nxb3 60. axb5 Nxc5 61. bxa6 Nxa6 62. g5 Kxg5 1/2-1/2

[Event "CZE-chT2E 2122"]
[Site "Czech Republic"]
[Date "2022.04.03"]
[Round "11.3"]
[White "Travnicek, Krystof Mikulas"]
[Black "Hosek, Martin"]
[Result "1-0"]
[WhiteElo "2159"]
[BlackElo "2172"]
[PlyCount "221"]
[EventDate "2021.10.17"]
[EventType "team-tourn"]
[EventRounds "11"]
[EventCountry "CZE"]
[SourceTitle "EXT 2024"]
[Source "ChessBase"]
[SourceDate "2023.10.10"]
[SourceVersion "1"]
[SourceVersionDate "2023.10.10"]
[SourceQuality "1"]
[WhiteTeam "Borsice"]
[BlackTeam "Jundrov Jezdci II"]
[WhiteTeamCountry "CZE"]
[BlackTeamCountry "CZE"]

1. e4 Nf6 2. e5 Nd5 3. d4 d6 4. c4 Nb6 5. exd6 cxd6 6. Nc3 g6 7. Be3 Bg7 8. h3 0-0 9. Nf3 d5 10. c5 Nc4 11. Bxc4 dxc4 12. Qe2 Be6 13. 0-0 Nc6 14. Rfd1 Nb4 15. Ng5 Bd5 16. a3 Nc6 17. Rac1 Na5 18. Nxd5 Qxd5 19. Nf3 Rfd8 20. Bd2 Nb3 21. Rxc4 Bxd4 22. Be3 e5 23. Bxd4 Nxd4 24. Nxd4 Rac8 25. b4 a5 26. Rd2 exd4 27. Rcxd4 Qg5 28. Rxd8+ Rxd8 29. Rxd8+ Qxd8 30. Qf3 axb4 31. axb4 Qd7 32. h4 Qb5 33. Qe4 h5 34. g3 Kg7 35. Kg2 Kh7 36. Qf4 Kg7 37. Qe5+ Kh7 38. Qd4 Qc6+ 39. Kg1 Qb5 40. Qe4 Kg7 41. Kg2 Kh7 42. Kf3 Qa6 43. Qd4 Qc6+ 44. Ke3 Qe6+ 45. Qe4 Qa6 46. Qd4 Qe6+ 47. Kd2 Qa2+ 48. Kc3 Qa3+ 49. Kc4 Qa2+ 50. Kd3 Qb3+ 51. Ke2 Qa2+ 52. Kf3 Qa6 53. Qd7 Qa3+ 54. Kg2 Qxb4 55. Qxf7+ Kh6 56. Qf4+ Qxf4 57. gxf4 Kg7 58. f5 gxf5 59. Kf3 Kf6 60. Kf4 Ke6 61. Kg5 Kd5 62. Kxh5 Kxc5 63. Kg6 b5 64. h5 b4 65. h6 b3 66. h7 b2 67. h8Q b1Q 68. Qe5+ Kc4 69. Qxf5 Qg1+ 70. Kf7 Kd4 71. f4 Qh1 72. Qe5+ Kd3 73. f5 Qb7+ 74. Qe7 Qd5+ 75. Qe6 Qb7+ 76. Ke8 Qa8+ 77. Ke7 Kc2 78. f6 Qa7+ 79. Qd7 Qc5+ 80. Qd6 Qa7+ 81. Kd8 Qa8+ 82. Kd7 Qg8 83. Ke7 Qg5 84. Kd7 Qf5+ 85. Ke8 Qc8+ 86. Ke7 Qb7+ 87. Qd7 Qe4+ 88. Kd8 Qh4 89. Qd6 Kb1 90. Kc7 Qc4+ 91. Kb7 Qe4+ 92. Qc6 Qf5 93. Ka6 Qf4 94. Qb6+ Kc1 95. Qc6+ Kd1 96. Qd7+ Kc1 97. f7 Qc4+ 98. Kb6 Qb4+ 99. Kc7 Qa5+ 100. Kd6 Qb4+ 101. Ke6 Qe4+ 102. Kf6 Qh4+ 103. Kg6 Qg3+ 104. Kh6 Qf4+ 105. Kg7 Qg5+ 106. Kf8 Qc5+ 107. Ke8 Qe5+ 108. Kd8 Qf6+ 109. Qe7 Qd4+ 110. Kc8 Qg4+ 111. Kb8 1-0

[Event "CZE-chT2E 2122"]
[Site "Czech Republic"]
[Date "2022.03.20"]
[Round "10.2"]
[White "Travnicek, Krystof Mikulas"]
[Black "Glozar, Petr"]
[Result "0-1"]
[WhiteElo "2159"]
[BlackElo "2147"]
[PlyCount "56"]
[EventDate "2021.10.17"]
[EventType "team-tourn"]
[EventRounds "11"]
[EventCountry "CZE"]
[SourceTitle "EXT 2024"]
[Source "ChessBase"]
[SourceDate "2023.10.10"]
[SourceVersion "1"]
[SourceVersionDate "2023.10.10"]
[SourceQuality "1"]
[WhiteTeam "Borsice"]
[BlackTeam "Brno VSK Univ"]
[WhiteTeamCountry "CZE"]
[BlackTeamCountry "CZE"]

1. d4 Nf6 2. g3 d5 3. c4 e6 4. Nf3 b6 5. Bg2 Bb7 6. 0-0 Nbd7 7. Ne5 Nxe5 8. dxe5 Ne4 9. Nd2 f5 10. cxd5 exd5 11. Nxe4 fxe4 12. f3 Bc5+ 13. e3 0-0 14. fxe4 dxe4 15. Rxf8+ Qxf8 16. Bd2 Kh8 17. Qg4 Rd8 18. Rf1 Qe7 19. Bc3 Bxe3+ 20. Kh1 Rf8 21. Re1 Bf2 22. Re2 Bc5 23. e6 Bd5 24. Bxe4 Bxe4+ 25. Qxe4 Qg5 26. Bd4 Bxd4 27. Qxd4 Qc1+ 28. Qg1 Rf1 0-1

[Event "CZE-chT1E 2122"]
[Site "Czech Republic"]
[Date "2022.02.19"]
[Round "8.8"]
[White "Bednarik, Josef"]
[Black "Travnicek, Krystof Mikulas"]
[Result "1/2-1/2"]
[WhiteElo "2146"]
[BlackElo "2159"]
[PlyCount "79"]
[EventDate "2021.10.09"]
[EventType "team-tourn"]
[EventRounds "11"]
[EventCountry "CZE"]
[SourceTitle "EXT 2023"]
[Source "ChessBase"]
[SourceDate "2022.10.05"]
[SourceVersion "1"]
[SourceVersionDate "2022.10.05"]
[SourceQuality "1"]
[WhiteTeam "Hostalkova"]
[BlackTeam "Vlcnov"]
[WhiteTeamCountry "CZE"]
[BlackTeamCountry "CZE"]

1. Nf3 c5 2. g3 g6 3. Bg2 Bg7 4. c4 Nc6 5. Nc3 d6 6. 0-0 e5 7. d3 Nge7 8. Ne1 Be6 9. e4 0-0 10. Nc2 Qd7 11. Ne3 Nd4 12. Ned5 Rae8 13. Be3 Nec6 14. f4 f5 15. fxe5 Nxe5 16. Kh1 Ng4 17. Bg1 Kh8 18. Nf4 Bg8 19. exf5 gxf5 20. Qd2 Bh6 21. Rae1 Ne6 22. Ncd5 Qg7 23. Qc3 Nxf4 24. Qxg7+ Bxg7 25. Nxf4 b6 26. b3 Bd4 27. Bxd4+ cxd4 28. Bc6 Re3 29. Rxe3 Nxe3 30. Rc1 Rc8 31. Bf3 d5 32. Ne2 dxc4 33. bxc4 Kg7 34. Nxd4 Rd8 35. Re1 Nxc4 36. Nxf5+ Kf6 37. Be4 Nd6 38. Nxd6 Rxd6 39. Kg1 Rd4 40. Kf2 1/2-1/2

[Event "CZE-chT2E 2122"]
[Site "Czech Republic"]
[Date "2022.02.13"]
[Round "8.3"]
[White "Skoda, Martin"]
[Black "Travnicek, Krystof Mikulas"]
[Result "1-0"]
[WhiteElo "2113"]
[BlackElo "2159"]
[PlyCount "77"]
[EventDate "2021.10.17"]
[EventType "team-tourn"]
[EventRounds "11"]
[EventCountry "CZE"]
[SourceTitle "EXT 2024"]
[Source "ChessBase"]
[SourceDate "2023.10.10"]
[SourceVersion "1"]
[SourceVersionDate "2023.10.10"]
[SourceQuality "1"]
[WhiteTeam "Jihlava Gambit"]
[BlackTeam "Borsice"]
[WhiteTeamCountry "CZE"]
[BlackTeamCountry "CZE"]

1. d4 d5 2. Nc3 Nf6 3. Bf4 e6 4. e3 Bb4 5. Nge2 0-0 6. f3 b6 7. Qd2 c5 8. 0-0-0 c4 9. g4 b5 10. g5 Nfd7 11. e4 Nb6 12. Qe3 Bd7 13. h4 Be7 14. Nb1 Nc6 15. h5 b4 16. c3 Na4 17. g6 Qb6 18. Rd2 e5 19. gxh7+ Kh8 20. exd5 exf4 21. Qxf4 bxc3 22. Nexc3 Nb4 23. Bxc4 Rac8 24. Bb3 Qd6 25. Qxd6 Bxd6 26. Kd1 Nb6 27. Re2 Nc4 28. Ne4 Bf4 29. Nbc3 Ne3+ 30. Ke1 Rfe8 31. Nc5 Bf5 32. N3e4 Nbxd5 33. Rh4 Bb8 34. Kf2 Bxh7 35. h6 gxh6 36. Rxh6 Kg7 37. Rh5 Rcd8 38. Rg5+ Bg6 39. Rxe3 1-0

[Event "CZE-chT2E 2122"]
[Site "Czech Republic"]
[Date "2022.01.30"]
[Round "7.2"]
[White "Karlik, Vladimir"]
[Black "Travnicek, Krystof Mikulas"]
[Result "1/2-1/2"]
[WhiteElo "2156"]
[BlackElo "2159"]
[PlyCount "45"]
[EventDate "2021.10.17"]
[EventType "team-tourn"]
[EventRounds "11"]
[EventCountry "CZE"]
[SourceTitle "EXT 2024"]
[Source "ChessBase"]
[SourceDate "2023.10.10"]
[SourceVersion "1"]
[SourceVersionDate "2023.10.10"]
[SourceQuality "1"]
[WhiteTeam "Kromeriz Slavia II"]
[BlackTeam "Borsice"]
[WhiteTeamCountry "CZE"]
[BlackTeamCountry "CZE"]

1. Nf3 c5 2. e4 Nc6 3. Bb5 g6 4. Bxc6 dxc6 5. d3 Bg7 6. h3 Nf6 7. Nc3 Nd7 8. Be3 b6 9. Qd2 h6 10. 0-0 e5 11. a4 a5 12. Nh2 Nf8 13. Ne2 Ne6 14. Rae1 g5 15. Ng3 Nf4 16. Nf5 0-0 17. Bxf4 exf4 18. Nxg7 Kxg7 19. Nf3 Be6 20. Qc3+ Qf6 21. d4 cxd4 22. Nxd4 c5 23. Nxe6+ 1/2-1/2

[Event "CZE-chT1E 2122"]
[Site "Czech Republic"]
[Date "2022.01.23"]
[Round "7.1"]
[White "Travnicek, Krystof Mikulas"]
[Black "Schoupal, Patrik"]
[Result "1-0"]
[WhiteElo "2159"]
[BlackElo "1992"]
[PlyCount "67"]
[EventDate "2021.10.09"]
[EventType "team-tourn"]
[EventRounds "11"]
[EventCountry "CZE"]
[SourceTitle "EXT 2023"]
[Source "ChessBase"]
[SourceDate "2022.10.05"]
[SourceVersion "1"]
[SourceVersionDate "2022.10.05"]
[SourceQuality "1"]
[WhiteTeam "Vlcnov"]
[BlackTeam "Trinec"]
[WhiteTeamCountry "CZE"]
[BlackTeamCountry "CZE"]

1. Nf3 f5 2. d3 Nf6 3. e4 e6 4. e5 Ng8 5. d4 d5 6. Nc3 Be7 7. h4 c6 8. Bd3 b6 9. g4 fxg4 10. Ng5 Nh6 11. Nxh7 Ba6 12. Bg6+ Kd7 13. Ng5 Bxg5 14. Bxg5 Qf8 15. Bxh6 Rxh6 16. Qxg4 Rxg6 17. Qxg6 Qf3 18. Rg1 Kc7 19. Qg4 Qf8 20. Qxg7+ Nd7 21. Qxf8 Rxf8 22. Ne2 c5 23. c3 b5 24. Rg6 Rh8 25. Rg4 Nb6 26. Nf4 Bc8 27. dxc5 Nc4 28. Nd3 Bd7 29. b3 Na5 30. Kd2 Be8 31. Rag1 Bh5 32. Rg8 Rh6 33. R1g7+ Kc6 34. Rc8# 1-0

[Event "CZE-chT2E 2122"]
[Site "Czech Republic"]
[Date "2022.01.16"]
[Round "6.3"]
[White "Hladky, Tadeas"]
[Black "Travnicek, Krystof Mikulas"]
[Result "1/2-1/2"]
[WhiteElo "2039"]
[BlackElo "2159"]
[PlyCount "82"]
[EventDate "2021.10.17"]
[EventType "team-tourn"]
[EventRounds "11"]
[EventCountry "CZE"]
[SourceTitle "EXT 2024"]
[Source "ChessBase"]
[SourceDate "2023.10.10"]
[SourceVersion "1"]
[SourceVersionDate "2023.10.10"]
[SourceQuality "1"]
[WhiteTeam "Jundrov Jezdci"]
[BlackTeam "Borsice"]
[WhiteTeamCountry "CZE"]
[BlackTeamCountry "CZE"]

1. e4 c5 2. Nf3 Nc6 3. Bb5 g6 4. 0-0 Bg7 5. Re1 Nf6 6. e5 Nd5 7. Nc3 Nc7 8. Bxc6 dxc6 9. Ne4 Ne6 10. d3 b6 11. Be3 h6 12. a4 a5 13. Qd2 Nd4 14. Nxd4 cxd4 15. Bf4 Be6 16. b4 axb4 17. Qxb4 0-0 18. Reb1 Ra6 19. h3 Qd7 20. Rb2 Rfa8 21. Rab1 f5 22. exf6 exf6 23. Qd6 Qxd6 24. Nxd6 Rxa4 25. Rxb6 g5 26. Bg3 R4a6 27. Rxa6 Rxa6 28. Rb8+ Kh7 29. Ne8 Bh8 30. Nc7 Ra1+ 31. Kh2 Bf7 32. Rb6 c5 33. Rc6 c4 34. dxc4 Rc1 35. Nb5 Rxc2 36. Nxd4 Rxc4 37. Rxc4 Bxc4 38. h4 Kg6 39. hxg5 hxg5 40. f4 g4 41. Bf2 f5 1/2-1/2

[Event "CZE-chT1E 2122"]
[Site "Czech Republic"]
[Date "2021.12.12"]
[Round "5.2"]
[White "Horsak, Jan"]
[Black "Travnicek, Krystof Mikulas"]
[Result "1/2-1/2"]
[WhiteElo "2060"]
[BlackElo "2159"]
[PlyCount "139"]
[EventDate "2021.10.09"]
[EventType "team-tourn"]
[EventRounds "11"]
[EventCountry "CZE"]
[SourceTitle "EXT 2023"]
[Source "ChessBase"]
[SourceDate "2022.10.05"]
[SourceVersion "1"]
[SourceVersionDate "2022.10.05"]
[SourceQuality "1"]
[WhiteTeam "Stare Mesto"]
[BlackTeam "Vlcnov"]
[WhiteTeamCountry "CZE"]
[BlackTeamCountry "CZE"]

1. c4 c6 2. g3 d5 3. Bg2 Nf6 4. Nf3 e6 5. 0-0 Be7 6. Qc2 0-0 7. a3 b6 8. b4 Bb7 9. Bb2 Nbd7 10. Nc3 dxc4 11. Nd4 Qc8 12. Ne4 c5 13. bxc5 Bxe4 14. Bxe4 Nxe4 15. Qxe4 Nxc5 16. Qc2 Qa6 17. Nc6 Bd6 18. Qc3 f6 19. Qd4 Nb7 20. Qg4 Rae8 21. a4 Na5 22. Nd4 Qc8 23. Nb5 Bb8 24. Rac1 e5 25. Qe4 Qe6 26. Rc2 Rc8 27. Ba3 Rfd8 28. Bb4 Nb3 29. Qb7 a5 30. Be7 Qd7 31. Qxd7 Rxd7 32. Ba3 Rxd2 33. Rxd2 Nxd2 34. Rd1 Nb3 35. Nc3 Bc7 36. Rd7 Nd4 37. e3 Ne6 38. Kg2 Rd8 39. Re7 Bd6 40. Rxe6 Bxa3 41. Rc6 Bc5 42. Ne4 Rd5 43. Kf3 Kf8 44. g4 Ke8 45. Rc7 Rd7 46. Rc8+ Rd8 47. Rc7 Bf8 48. Rxc4 Kd7 49. Ke2 Rb8 50. Nc3 Bc5 51. Nb5 g6 52. e4 h5 53. gxh5 gxh5 54. Rc3 Rg8 55. Rg3 Rg4 56. Rxg4 hxg4 57. f3 Bg1 58. fxg4 Bxh2 59. Kd3 Ke6 60. Kc4 Bg1 61. Nc7+ Kf7 62. Kb5 Kg6 63. Nd5 Kg5 64. Nxb6 Bxb6 65. Kxb6 Kxg4 66. Kxa5 f5 67. exf5 Kxf5 68. Kb5 e4 69. a5 e3 70. a6 1/2-1/2